UM Logo

Advanced electronic communications systems/ (Record no. 4739)

MARC details
000 -LEADER
fixed length control field 00581nam a2200181 4500
008 - FIXED-LENGTH DATA ELEMENTS--GENERAL INFORMATION
fixed length control field 160921b xxu||||| |||| 00| 0 eng d
020 ## - INTERNATIONAL STANDARD BOOK NUMBER
International Standard Book Number 9812471588
082 ## - DEWEY DECIMAL CLASSIFICATION NUMBER
Edition number 2004
Classification number DC 621.38
Item number T59a
100 ## - MAIN ENTRY--PERSONAL NAME
9 (RLIN) 15051
Personal name Tomasi, Wayne
245 ## - TITLE STATEMENT
Title Advanced electronic communications systems/
Statement of responsibility, etc. Tomasi, Wayne.
250 ## - EDITION STATEMENT
Edition statement 6th edition
260 ## - PUBLICATION, DISTRIBUTION, ETC. (IMPRINT)
Place of publication, distribution, etc. Upper Saddle River, New Jersey:
Name of publisher, distributor, etc. Pearson,
Date of publication, distribution, etc. c2004.
300 ## - PHYSICAL DESCRIPTION
Extent xiv, 654 pages:
Other physical details illustrations;
Dimensions 23 cm.
500 ## - GENERAL NOTE
General note Includes index.
650 #0 - SUBJECT ADDED ENTRY--TOPICAL TERM
9 (RLIN) 15052
Topical term or geographic name as entry element Electronic communications engineering
365 ## - TRADE PRICE
Price amount 395.00
Currency code Php
942 ## - ADDED ENTRY ELEMENTS (KOHA)
Source of classification or shelving scheme Dewey Decimal Classification
Koha item type Circulation
Holdings
Withdrawn status Lost status Source of classification or shelving scheme Damaged status Not for loan Collection code Home library Current library Date acquired Source of acquisition Total Checkouts Full call number Barcode Date last seen Copy number Price effective from Koha item type
    Dewey Decimal Classification     Circulation UM Digos College - LIC UM Digos College - LIC 09/28/2006 Purchased   DC 621.38 T59a 2004 18715 05/15/2025 1 09/21/2016 Circulation
    Dewey Decimal Classification     Circulation UM Digos College - LIC UM Digos College - LIC 09/28/2006 Purchased   DC 621.38 T59a 2004 18716 05/15/2025 2 09/21/2016 Circulation